000 00565nam a22001817a 4500
008 160405b xxu||||| |||| 00| 0 eng d
020 _a9780495832294
082 _22010
_aDC 515
_bT15
100 _94811
_aTan, Soo T.
245 _aCalculus/
_cSoo T. Tan
250 _aInternational Edition
260 _aAustralia:
_bBrooks/Cole Cengage Learning,
_cc2010.
300 _axx, 117 pages:
_bcolored illustration;
_c25.5 cm.
500 _aIncludes appendices and index.
650 0 _94812
_aCalculus
_xOutlines, syllabi, etc.
365 _b5,975
_cPhp.
942 _2ddc
_cDC
999 _c1551
_d1551